LDR 00732naa#a2200181#i#450# 001 EN\\bibl\105500 005 20260607195313.7 011 ## _a0536-101X 100 ## _a20250630b2025####ek#y0engy0150####ca 102 ## _aRU 200 1# _aBehavior decomposition: adaptive geoinformational technologies design method _eJournal article 210 1# _aMoscow _cMIIGAiK _d2025 215 ## _a19 с. 608 ## _aJournal article _2local 675 ## _aПрикладные информационные (компьютерные) технологии. 004.9 _z 686 ## _aТехнические средства обеспечения информационных процессов. 20.53 _2grnti 700 #1 _aGvozdev _gOleg Gennad'evich 856 4# _amiigaik.editorum.ru _u